| 000 | 00654nam a2200253 a 4500 | ||
|---|---|---|---|
| 001 | nice12345678 | ||
| 003 | IN_TiNIC | ||
| 005 | 20260116013136.0 | ||
| 008 | 050524s1990 leia grp 000 0 eng | ||
| 020 |
_a0830817 _c748 |
||
| 082 | 0 | 0 |
_a226.8 _bBLO |
| 100 | _aBlomberg, Craig L | ||
| 245 | _aInterpreting the Parables | ||
| 260 |
_aLeicester _bInter Varsity Press _c1990 |
||
| 300 | _a333p | ||
| 500 | _aincludes index and biblioraphy | ||
| 505 | 2 | _aGospel, Reference Index. | |
| 650 | _aJesus Christ-Parables | ||
| 650 | _aBible N.T. Parables | ||
| 700 | 1 | _aBlomberg, Craig L | |
| 902 | _bSRS | ||
| 942 | _cBK | ||
| 999 |
_c9832 _d9832 |
||